[Event "Bratto op 34th"]
[Site "Bratto"]
[Date "2014.08.26"]
[Round "5"]
[White "Ventura, Salvatore"]
[Black "Scagliotti, Mauro"]
[Result "1-0"]
[WhiteElo "2059"]
[BlackElo "2043"]
[PlyCount "137"]
[EventDate "2014.08.22"]
[EventType "swiss"]
[EventRounds "9"]
[EventCountry "ITA"]
[SourceTitle "EXT 2016"]
[Source "ChessBase"]
[SourceDate "2015.10.08"]
[SourceVersion "1"]
[SourceVersionDate "2015.10.08"]
[SourceQuality "1"]

1. c4 e5 2. g3 Nc6 3. Nc3 g6 4. Bg2 d6 5. e4 Bg7 6. Nge2 f5 7. d3 Nf6 8. 0-0 0-0 9. Nd5 Ne7 10. Bg5 c6 11. Nxf6+ Bxf6 12. Bxf6 Rxf6 13. d4 Qc7 14. Qd2 fxe4 15. dxe5 dxe5 16. Nc3 Bf5 17. Rad1 Raf8 18. h3 Qb6 19. g4 Be6 20. Nxe4 Rf4 21. b3 Qc7 22. Nc5 Bc8 23. Qe3 g5 24. Nd3 Ng6 25. Nxf4 exf4 26. Qe4 f3 27. Bxf3 Rf4 28. Qd3 Rf8 29. Be4 Nf4 30. Qd6 Qxd6 31. Rxd6 Nxh3+ 32. Kg2 Bxg4 33. Kg3 h5 34. f3 Bc8 35. Rg6+ Kf7 36. Rh6 Nf4 37. Rd1 h4+ 38. Kh2 Ne6 39. Rh7+ Kf6 40. b4 Rd8 41. Rh6+ Ke5 42. Re1 Kd4 43. Bf5 Nf4 44. Bxc8 Rxc8 45. Re4+ Kc3 46. c5 b6 47. Rd6 bxc5 48. bxc5 Rb8 49. Rxf4 gxf4 50. Kh3 Kc4 51. Rxc6 Kd5 52. Rc7 Rb2 53. Rxa7 Kxc5 54. Kxh4 Rg2 55. Ra4 Kd6 56. Rxf4 Rxa2 57. Re4 Rg2 58. f4 Kd5 59. Re1 Rg8 60. f5 Kd6 61. Kh5 Rg2 62. f6 Rf2 63. Kg6 Rg2+ 64. Kf7 Rf2 65. Kg7 Rg2+ 66. Kf8 Kd7 67. f7 Rf2 68. Rd1+ Ke6 69. Ke8 1-0

[Event "Bratto op 34th"]
[Site "Bratto"]
[Date "2014.08.22"]
[Round "1"]
[White "Sveshnikov, Vladimir"]
[Black "Scagliotti, Mauro"]
[Result "1-0"]
[WhiteElo "2380"]
[BlackElo "2043"]
[PlyCount "101"]
[EventDate "2014.08.22"]
[EventType "swiss"]
[EventRounds "9"]
[EventCountry "ITA"]
[SourceTitle "EXT 2016"]
[Source "ChessBase"]
[SourceDate "2015.10.08"]
[SourceVersion "1"]
[SourceVersionDate "2015.10.08"]
[SourceQuality "1"]

1. e4 c6 2. Nf3 d5 3. exd5 cxd5 4. d4 Nf6 5. Bf4 Bg4 6. c3 Nc6 7. Nbd2 e6 8. h3 Bh5 9. Be2 Bd6 10. Bxd6 Qxd6 11. 0-0 0-0 12. Re1 Rab8 13. a4 a6 14. a5 Qc7 15. Qa4 Rfe8 16. Bd3 Bg6 17. Bxg6 hxg6 18. Ne5 Nd7 19. Nxd7 Qxd7 20. Nb3 Qc7 21. Nc5 Re7 22. b4 Na7 23. Re3 Nb5 24. Rae1 Rbe8 25. Qc2 Nd6 26. f4 Nc4 27. Rf3 Nd6 28. Qf2 Nc4 29. h4 b6 30. axb6 Qxb6 31. Rh3 a5 32. h5 axb4 33. hxg6 fxg6 34. Rb1 Ra8 35. Rxb4 Qd6 36. Rxc4 dxc4 37. Qh4 Kf7 38. Rg3 Qd5 39. Rg5 Qd8 40. Qh7 Qh8 41. Qxg6+ Kf8 42. Rh5 Qg8 43. Kh2 Rd8 44. Re5 Rd6 45. f5 Qh8+ 46. Kg3 Qh6 47. Qxh6 gxh6 48. fxe6 Kg7 49. Kf4 Rd8 50. d5 Rf8+ 51. Ke3 1-0